000 00378nam a22001577a 4500
003 CEME
005 20210628205200.0
008 210301b xxu||||| |||| 00| 0 eng d
040 _c.
082 _a297.7 MUH'A
100 _aMuhammad yasin, sheikh
_974297
245 _aEidth nabvi ka taleemi nizam
260 _aMIRPUR AK
_bARSHAD
_c1995
300 _a247P
942 _cBK
_2ddc
999 _c579848
_d579848